<?xml version="1.0" encoding="UTF-8"?><?xml-stylesheet type="text/xsl" href="static/style.xsl"?><OAI-PMH xmlns="http://www.openarchives.org/OAI/2.0/" xmlns:xsi="http://www.w3.org/2001/XMLSchema-instance" xsi:schemaLocation="http://www.openarchives.org/OAI/2.0/ http://www.openarchives.org/OAI/2.0/OAI-PMH.xsd"><responseDate>2026-04-30T00:21:19Z</responseDate><request verb="GetRecord" identifier="oai:uvadoc.uva.es:10324/45947" metadataPrefix="marc">https://uvadoc.uva.es/oai/request</request><GetRecord><record><header><identifier>oai:uvadoc.uva.es:10324/45947</identifier><datestamp>2021-11-11T11:43:36Z</datestamp><setSpec>com_10324_38</setSpec><setSpec>col_10324_852</setSpec></header><metadata><record xmlns="http://www.loc.gov/MARC21/slim" xmlns:doc="http://www.lyncode.com/xoai" xmlns:xsi="http://www.w3.org/2001/XMLSchema-instance" xmlns:dcterms="http://purl.org/dc/terms/" xsi:schemaLocation="http://www.loc.gov/MARC21/slim http://www.loc.gov/standards/marcxml/schema/MARC21slim.xsd">
<leader>00925njm 22002777a 4500</leader>
<datafield tag="042" ind1=" " ind2=" ">
<subfield code="a">dc</subfield>
</datafield>
<datafield tag="720" ind1=" " ind2=" ">
<subfield code="a">Escribano Alonso, Sonia</subfield>
<subfield code="e">author</subfield>
</datafield>
<datafield tag="260" ind1=" " ind2=" ">
<subfield code="c">2020</subfield>
</datafield>
<datafield tag="520" ind1=" " ind2=" ">
<subfield code="a">El aprendizaje de las lenguas es un tema muy relevante en el mundo actual, en concreto, la lengua inglesa. Existen numerosas metodologías para su enseñanza, pero no todas afloran el mismo nivel de motivación en los más pequeños.&#xd;
Desde el punto de vista educativo, el aprendizaje experiencial y el aprendizaje al aire libre son metodologías que generan altos niveles de interés y motivación en el alumnado. Es por esta razón por la que estas dos, serán las metodologías principales para llevar a cabo el desarrollo y mejora de la lengua inglesa en este Trabajo Fin de Grado.&#xd;
Todo ello se verá incluido en una Unidad Didáctica interdisciplinar realizada en inmersión lingüística en un CRIE con la duración total de una semana, aprendiendo tanto con actividades académicas, como con deportivas y lúdicas.</subfield>
</datafield>
<datafield tag="024" ind2=" " ind1="8">
<subfield code="a">http://uvadoc.uva.es/handle/10324/45947</subfield>
</datafield>
<datafield tag="245" ind1="0" ind2="0">
<subfield code="a">El aprendizaje en el medio natural como medio para la mejora lingüística en Educación Primaria</subfield>
</datafield>
</record></metadata></record></GetRecord></OAI-PMH>